| 000 -LEADER |
| fixed length control field |
01658nam a22001457a 4500 |
| 008 - FIXED-LENGTH DATA ELEMENTS--GENERAL INFORMATION |
| fixed length control field |
230217b ||||| |||| 00| 0 eng d |
| 100 ## - MAIN ENTRY--PERSONAL NAME |
| Personal name |
Hall, J.L., Shin G. and Bartels, C. |
| 245 ## - TITLE STATEMENT |
| Title |
Measuring the effect of performance management in local economic development policy: The case of tax increment finance districts in the Dallas-ft. worth metropolis |
| 260 ## - PUBLICATION, DISTRIBUTION, ETC. (IMPRINT) |
| Place of publication, distribution, etc |
Local Government Studies |
| 300 ## - PHYSICAL DESCRIPTION |
| Extent |
48(4), Aug, 2022: p.628-654 |
| 520 ## - SUMMARY, ETC. |
| Summary, etc |
Does performance management use in local governments actually bring about performance improvement? If so, can performance be attributed to the use of particular tools or approaches? This study examines the particular performance measurement tools and approaches being utilised within Tax Increment Finance (TIF) districts in one metropolitan area – the Dallas-Ft. Worth Metroplex – to ascertain whether they are positively associated with district tax revenues and property valuations. We utilise archival analysis of TIF district records to identify the presence and characteristics of four conceptual types of activities: strategic planning, performance measurement, performance reporting, and performance management. We then develop predictive models to obtain quantitative evidence of the effectiveness of particular observed approaches. Our findings offer a comparative assessment of the value of various tools and approaches in the highly competitive policy field of economic development, with broader implications for performance management and public management in local governments. – Reproduced |
| 773 ## - HOST ITEM ENTRY |
| Main entry heading |
Local Government Studies |
| 906 ## - LOCAL DATA ELEMENT F, LDF (RLIN) |
| Subject DIP |
LOCAL GOVERNMENT |
| 942 ## - ADDED ENTRY ELEMENTS (KOHA) |
| Item type |
Articles |